[Event "Klatovy op-B 24th"]
[Site "Klatovy"]
[Date "2018.06.30"]
[Round "1"]
[White "Kohout, Josef1111"]
[Black "Kadlec, Rudolf"]
[Result "1-0"]
[WhiteElo "1888"]
[BlackElo "1420"]
[PlyCount "73"]
[EventDate "2018.06.30"]
[EventType "swiss"]
[EventRounds "9"]
[EventCountry "CZE"]
[SourceTitle "CBM 185 Extra"]
[Source "ChessBase"]
[SourceDate "2018.07.29"]
[SourceVersion "1"]
[SourceVersionDate "2018.07.29"]
[SourceQuality "1"]

1. e4 d5 2. exd5 Nf6 3. c4 c6 4. dxc6 Nxc6 5. d3 e5 6. Nc3 Bc5 7. Be2 0-0 8. Nf3 Re8 9. 0-0 Nd4 10. Ne4 Nxe4 11. dxe4 Nxe2+ 12. Qxe2 Bg4 13. Be3 Rc8 14. Bxc5 Rxc5 15. b4 Bxf3 16. gxf3 Rc6 17. Kh1 Rh6 18. Rg1 Ree6 19. Rg4 Rh4 20. Rag1 Rxg4 21. Rxg4 Rh6 22. Qe3 Ra6 23. a3 Qd4 24. Qxd4 exd4 25. e5 g6 26. Rxd4 Rxa3 27. Kg2 h5 28. Rd8+ Kg7 29. Rd7 Rc3 30. e6 Kf8 31. Rxf7+ Ke8 32. Rxb7 Rxc4 33. Rxa7 Rxb4 34. Rg7 Rb6 35. Rxg6 Rd6 36. f4 Rd5 37. Rg5 1-0

[Event "Klatovy op-B 23rd"]
[Site "Klatovy"]
[Date "2017.07.08"]
[Round "8"]
[White "Kadlec, Rudolf"]
[Black "Frnoch, Vojtech"]
[Result "1/2-1/2"]
[WhiteElo "1436"]
[BlackElo "1660"]
[PlyCount "77"]
[EventDate "2017.07.01"]
[EventType "swiss"]
[EventRounds "9"]
[EventCountry "CZE"]
[SourceTitle "EXT 2018"]
[Source "ChessBase"]
[SourceDate "2017.10.13"]
[SourceVersion "1"]
[SourceVersionDate "2017.10.13"]
[SourceQuality "1"]

1. e4 g6 2. d4 Bg7 3. Nc3 d6 4. f4 Nh6 5. h3 e6 6. e5 Qh4+ 7. Ke2 Nf5 8. Nf3 Ng3+ 9. Kd3 Qd8 10. Rg1 Nc6 11. Qe1 Nxf1 12. Rxf1 b6 13. Ke3 Nb4 14. Rf2 0-0 15. a3 Nd5+ 16. Nxd5 exd5 17. b4 c5 18. bxc5 bxc5 19. c3 dxe5 20. fxe5 cxd4+ 21. cxd4 Bh6+ 22. Ke2 Ba6+ 23. Kd1 Bxc1 24. Rxc1 Qe7 25. Rc3 Rab8 26. Rfc2 Rb1+ 27. Rc1 Rfb8 28. Qe3 Qe8 29. Qd2 Qa4+ 30. Ke1 Rxc1+ 31. Qxc1 Qb5 32. Kf2 Qe2+ 33. Kg3 Rb2 34. Nh4 Qf2+ 35. Kh2 Rd2 36. Rg3 Bc4 37. Qb1 Rb2 38. Qc1 Re2 39. Nf3 1/2-1/2

[Event "Klatovy op-B 23rd"]
[Site "Klatovy"]
[Date "2017.07.03"]
[Round "3"]
[White "Kadlec, Rudolf"]
[Black "Bukvaj, Jan"]
[Result "1-0"]
[WhiteElo "1436"]
[BlackElo "1100"]
[PlyCount "103"]
[EventDate "2017.07.01"]
[EventType "swiss"]
[EventRounds "9"]
[EventCountry "CZE"]
[SourceTitle "EXT 2018"]
[Source "ChessBase"]
[SourceDate "2017.10.13"]
[SourceVersion "1"]
[SourceVersionDate "2017.10.13"]
[SourceQuality "1"]

1. e4 e5 2. d4 Nc6 3. d5 Nd4 4. c3 Qh4 5. cxd4 Qxe4+ 6. Be3 exd4 7. Qxd4 Qxd4 8. Bxd4 Bb4+ 9. Nc3 Bxc3+ 10. bxc3 Nf6 11. Bxf6 gxf6 12. Nf3 c6 13. d6 0-0 14. Kd2 Re8 15. Re1 Rxe1 16. Nxe1 Kg7 17. Bd3 b5 18. Nc2 Ba6 19. Nb4 Bb7 20. f3 c5 21. Nc2 c4 22. Bf5 Bc8 23. Re1 Bb7 24. Re7 Rc8 25. Rxd7 Bc6 26. Rxa7 Rd8 27. d7 Kh6 28. Nb4 Kg5 29. Nxc6 Rh8 30. d8Q Rxd8+ 31. Nxd8 Kxf5 32. Rxf7 Kg6 33. g4 h5 34. gxh5+ Kxh5 35. Rxf6 Kg5 36. Rf8 Kh4 37. Rg8 Kh3 38. Ke3 Kxh2 39. a3 Kh3 40. Kd4 Kh4 41. Kc5 Kh5 42. Kxb5 Kh6 43. Kxc4 Kh7 44. Rg1 Kh6 45. a4 Kh5 46. a5 Kh4 47. a6 Kh3 48. a7 Kh2 49. Rg4 Kh3 50. a8Q Kh2 51. f4 Kh3 52. Qg2# 1-0